Visualizzazione normale
Vista MARC
- Bouteljie
di Personal Name
Records bibliografici associati: 1
001 - CONTROL NUMBER
- control field: 13480
003 - CONTROL NUMBER IDENTIFIER
- control field: IT-RoPau
005 - DATE AND TIME OF LATEST TRANSACTION
- control field: 20140213172748.0
008 - FIXED-LENGTH DATA ELEMENTS
- fixed length control field: 140213|| aca||aabn | a|a d
040 ## - CATALOGING SOURCE
- Original cataloging agency: IT-RoPau
- Transcribing agency: IT-RoPau
100 ## - HEADING--PERSONAL NAME
- Personal name: Bouteljie
- Dates associated with a name: Codice autore SPICS: 20919
- Relator term: Autore
- Name of part/section of a work: China Boy
670 ## - SOURCE DATA FOUND
- Source citation: Work cat.: (IT-RoPau)99538: AA.VV. 794, Hi-Fi Meet jJazz-Big Four